Todas las canciones del álbum de Mora Primer Día de Clases- - Estadísticas

Estadísticas generales
  • Esta prueba ha sido intentada 84 veces
  • La puntuación promedio es 10 de 15
Estadísticas de respuestas
Hint Respuesta % Correcto
1 Primer Día de Clases
96%
4 Tuyo
93%
7 512
78%
14 Desaparecer
76%
6 Volando
72%
3 La Receta
70%
9 Te Conocí Perriando
69%
5 Cuándo Será
67%
16 Pégate (Remix)
67%
13 En un Avión
64%
11 Vacío
61%
10 Afuego
60%
8 La Carita
58%
12 Fin del Mundo
55%
15 No Digas Nada
48%
No se encontraron pruebas coincidentes
Distribución de puntuación
Porcentaje de gente con cada puntuación
Porcentaje por número respondido
Historial de tus puntuaciones
No has intentado esta prueba.